Co od vás očekává zákazník zítřka?

Trendy, ktoré v nadchádzajúcom období ovplyvnia postavenie firmy na trhu. Pragmatizmus firiem a zákazníkov. Nové vnímanie luxusu. Zvyšovanie kvality zákazníckeho servisu. Ponuka výrobkov šetrných k životnému prostrediu. Rastúci význam budovania značky. Príklady z praxe.

Saved in:
Bibliographic Details
Main Author: Budíková, Jana
Format: Book Chapter
Language:Czech
Subjects:
Tags: Add Tag
No Tags, Be the first to tag this record!

MARC

LEADER 00000naa$a2200000$$$4500
001 0113623
005 20231019094205.6
041 0 |a cze 
044 |a CZ 
245 1 0 |a Co od vás očekává zákazník zítřka?  |c Jana Budíková 
520 |a Trendy, ktoré v nadchádzajúcom období ovplyvnia postavenie firmy na trhu. Pragmatizmus firiem a zákazníkov. Nové vnímanie luxusu. Zvyšovanie kvality zákazníckeho servisu. Ponuka výrobkov šetrných k životnému prostrediu. Rastúci význam budovania značky. Príklady z praxe. 
610 2 0 |a marketing 
610 2 0 |a tovar 
610 2 0 |a služby 
610 2 0 |a zákazníci 
610 2 0 |a servis 
610 2 0 |a značky výrobkov 
610 2 0 |a ochrana prostredia životného 
100 1 |a Budíková, Jana